000 00621nam a2200217Ia 4500
005 20221119112155.0
008 131103s9999 xx 000 0 und d
020 _cRs.45
040 _aLoreto College
041 _aEnglish
082 _a954.03
_b WHE
100 _aWheeler,J.Talboys
245 _aEarly records of British India
_b A History of the english settlements in India
_cJ.Talboys Wheeler
250 _a2nd ed.
260 _aDelhi
_bVishal Publishers
_c1972
300 _avi,384 p.
504 _aIncludes bibliographical references
650 _aModern Indian History
850 _aLCLIB
942 _cBK
999 _c9956
_d60435